laliga 2025/2026 teams - Statistics

General Stats
  • This quiz has been taken 238 times
  • The average score is 11 of 20
Answers on the Grid
Answers color-coded by a green-red scale on the quiz's grid according to % correct below.
albacete
levante
real valladolid
malaga
leganes
barcelona
real madrid
sevilla
granada
girona
leganes
osasuna
las palmas
villareal
getafe
espagnol
ceuta
celta
mallorca
real betis
real sporting
real sociedad
atletico madrid
rayo vallecano
deportivo alaves
almeria
athletico bilbao
elche
valencia
real oviedo
 
Answer Stats
Answer % Correct
real madrid
74%
barcelona
72%
sevilla
67%
levante
64%
girona
63%
villareal
60%
atletico madrid
59%
real betis
58%
real sociedad
58%
athletico bilbao
57%
getafe
54%
osasuna
54%
valencia
54%
rayo vallecano
51%
celta
48%
mallorca
47%
espagnol
46%
deportivo alaves
44%
elche
44%
real oviedo
41%
No matching quizzes found
Score Distribution
Percent of People with Each Score
Percentile by Number Answered
Your Score History
You have not taken this quiz